Violent Universe (Record no. 334490)
[ view plain ]
| 000 -LEADER | |
|---|---|
| fixed length control field | 00486nam a2200097Ia 4500 |
| 008 - FIXED-LENGTH DATA ELEMENTS--GENERAL INFORMATION | |
| fixed length control field | 170517s9999 xx 000 0 und d |
| 245 ## - TITLE STATEMENT | |
| Title | Violent Universe |
| 300 ## - PHYSICAL DESCRIPTION | |
| Extent | Take a breathtaking journey into the future, five billion years from now, to see the ultimate fate of the Solar System. This gem from HubbleCast showcases stunning Hubble imagery of the death throes of Sun-like stars. The wreckage of... |
| 650 ## - SUBJECT ADDED ENTRY--TOPICAL TERM | |
| General subdivision | Science. |
| 856 ## - ELECTRONIC LOCATION AND ACCESS | |
| Uniform Resource Identifier | <a href="http://topdocumentaryfilms.com/violent-universe/">http://topdocumentaryfilms.com/violent-universe/</a> |
| Withdrawn status | Lost status | Damaged status | Home library | Current library | Date acquired | Total Checkouts | Date last seen | Price effective from | Koha item type |
|---|---|---|---|---|---|---|---|---|---|
| College Library | College Library | 05/17/2017 | 05/17/2017 | 05/17/2017 | Documentary Films |